[Event "5th POL-HUN Open 2017"]
[Site "Katowice POL"]
[Date "2017.05.21"]
[Round "9.34"]
[White "Rudecki,Bartosz"]
[Black "Janiszewski,M"]
[Result "0-1"]
[WhiteElo "2007"]
[BlackElo "2097"]

1.e4 d5 2.exd5 Nf6 3.Bb5+ Nbd7 4.Be2 Nxd5 5.d4 c6 6.Nf3 Qc7 7.O-O e6 8.c4 Nf4
9.Bxf4 Qxf4 10.d5 exd5 11.cxd5 Bd6 12.g3 Qh6 13.dxc6 bxc6 14.Nd4 Ne5 15.f4 Ng6
16.Nb3 Bc7 17.Bf3 O-O 18.Bxc6 Bb6+ 19.Kh1 Ba6 20.Bxa8 Rxa8 21.N1d2 Rd8 22.Qg4
Bc8 23.Qg5 Qh3 24.Ne4 Bb7 25.Rfe1 f5 26.Nc5 Rd2 {#R} 0-1

[Event "Bodensee Open 2017"]
[Site "Bregenz AUT"]
[Date "2017.05.21"]
[Round "2.1"]
[White "Bueder,T"]
[Black "Tarlev,K"]
[Result "1-0"]
[WhiteElo "2106"]
[BlackElo "2567"]

1.e4 c5 2.Nf3 e6 3.d3 Nc6 4.g3 d5 5.Nbd2 g6 6.Bg2 Bg7 7.O-O Nf6 8.Re1 O-O 9.c3
Nd7 10.Qe2 a5 11.a4 b6 12.d4 Ba6 13.Qd1 Re8 14.Nb3 dxe4 15.Rxe4 cxd4 16.Nbxd4
Nxd4 17.Nxd4 Nc5 18.Re1 Nd3 19.Re3 Bxd4 20.cxd4 Qxd4 21.Rxd3 Bxd3 22.Bxa8 Rxa8
23.Ra3 Rd8 24.Be3 Qe4 25.Rc3 Kg7 26.Qc1 Rd5 27.Bh6+ Kf6 28.h4 Qxa4 29.Rxd3 Qe4
30.Qc3+ {#r} 1-0

[Event "Bodensee Open 2017"]
[Site "Bregenz AUT"]
[Date "2017.05.21"]
[Round "2.2"]
[White "Schlosser,P"]
[Black "Sydow,H"]
[Result "1-0"]
[WhiteElo "2501"]
[BlackElo "2117"]

1.Nf3 d5 2.d4 Nf6 3.c4 e6 4.g3 Be7 5.Bg2 O-O 6.O-O b6 7.cxd5 exd5 8.Nc3 Bb7
9.Bf4 c6 10.Rc1 Nbd7 11.Qc2 Re8 12.Rfd1 Nf8 13.e4 dxe4 14.Nxe4 Nd5 15.Bg5 Ne6
16.Bxe7 Qxe7 17.Nc3 Rac8 18.Qa4 a6 19.a3 Nec7 20.Qb3 Nxc3 21.bxc3 b5 22.Ne5
Nd5 23.h4 Nb6 24.c4 Qf6 25.Rc3 Rc7 26.c5 Nc8 27.Bh3 Qh6 28.Rf3 Rf8 29.Rdd3 Re7
30.Kg2 Na7 31.Nxf7 Rfxf7 32.Rxf7 Rxf7 33.Rf3 {#r} 1-0

[Event "Bodensee Open 2017"]
[Site "Bregenz AUT"]
[Date "2017.05.21"]
[Round "2.3"]
[White "Higatsberger,M"]
[Black "Teske,H"]
[Result "0-1"]
[WhiteElo "2121"]
[BlackElo "2492"]

1.e4 c5 2.Nf3 g6 3.Bc4 Bg7 4.c3 e6 5.d4 cxd4 6.Nxd4 Ne7 7.Nb5 d5 8.exd5 a6
9.N5a3 exd5 10.Be2 Nbc6 11.Nc2 O-O 12.O-O Bf5 13.Nd2 d4 14.Nxd4 Bxd4 15.cxd4
Nxd4 16.Bf3 Bc2 17.Qe1 Bd3 18.Ne4 Nxf3+ 19.gxf3 Nf5 20.Bg5 Nd4 21.Bxd8 Nxf3+
22.Kg2 Nxe1+ 23.Rfxe1 Rfxd8 24.Rac1 Bb5 25.Rc2 Rac8 26.Rxc8 Rxc8 27.Nc3 Bc6+
28.f3 Kg7 29.Kg3 Rd8 30.Rd1 Re8 31.Kf2 Re5 32.f4 Rh5 33.Kg3 Kf6 34.h4 Rc5
35.Rd4 Kf5 36.Nd1 Ke6 37.Nc3 h6 38.Kf2 Kf5 39.Kg3 Ke6 40.Kf2 a5 41.a4 f6
42.Kg3 Bd5 43.Nxd5 Rxd5 44.Re4+ Kf5 45.Re3 Rd4 46.Rb3 Rb4 47.Rd3 Ke4 48.Rd6
Rb3+ 49.Kg2 Rxb2+ 50.Kg3 Rb3+ 51.Kg2 Kf5 {#R} 0-1

[Event "Bodensee Open 2017"]
[Site "Bregenz AUT"]
[Date "2017.05.21"]
[Round "2.4"]
[White "Hanewinkel,Martin"]
[Black "Henrichs,T"]
[Result "0-1"]
[WhiteElo "2085"]
[BlackElo "2482"]

1.d4 d6 2.Nf3 g6 3.Bf4 Bg7 4.c3 Nd7 5.e4 e5 6.dxe5 dxe5 7.Bg3 Qe7 8.Nbd2 Ngf6
9.Qc2 O-O 10.Bc4 a6 11.a4 b6 12.O-O Bb7 13.Rfe1 Nh5 14.Nf1 Nxg3 15.hxg3 Nf6
16.N3d2 Bh6 17.Re2 Rfd8 18.Rae1 Ng4 19.b4 a5 20.f3 Nf6 21.Qb3 axb4 22.cxb4 Rd4
23.Nb1 Rxc4 24.Qxc4 Rxa4 25.Rb2 Bf8 26.Nc3 Rxb4 27.Rxb4 Qxb4 28.Qxb4 Bxb4
29.Rc1 Ba6 30.Nd1 Bc5+ 31.Nfe3 Kf8 32.Kh2 h5 33.Ra1 Bb5 34.Nc3 Bc6 35.Ned5
Bxd5 36.Nxd5 Nxd5 37.exd5 Ke7 38.Ra7 Kd6 39.Kh3 b5 40.Ra5 b4 41.g4 hxg4+
42.Kxg4 f6 43.f4 Kxd5 44.fxe5 fxe5 45.Kg5 e4 46.g4 e3 {#R} 0-1

[Event "Bodensee Open 2017"]
[Site "Bregenz AUT"]
[Date "2017.05.21"]
[Round "2.5"]
[White "Sergeev,Vl"]
[Black "Mojzis,Jar"]
[Result "1-0"]
[WhiteElo "2444"]
[BlackElo "2090"]

1.g3 Nf6 2.Bg2 c5 3.c4 e6 4.Nf3 Be7 5.O-O a6 6.d4 cxd4 7.Nxd4 d6 8.b3 Qc7
9.Bb2 Bd7 10.Nc3 Nc6 11.Rc1 Qa5 12.a3 Rc8 13.e3 Nxd4 14.Qxd4 Bc6 15.b4 Qh5
16.e4 O-O 17.Rfe1 Rfd8 18.Nd5 exd5 19.exd5 Bf8 20.dxc6 bxc6 21.Qb6 Ng4 22.h3
Ne5 23.Bxe5 dxe5 24.Qxa6 Qf5 25.Re2 Qd3 26.Re3 Qd2 27.Rf1 g6 28.Bxc6 Bh6
29.Rxe5 Qd6 30.Rd5 Qe6 31.Bb7 Qxh3 32.Bxc8 Rxc8 33.Rfd1 Be3 34.Qxc8+ {#r} 1-0

[Event "Bodensee Open 2017"]
[Site "Bregenz AUT"]
[Date "2017.05.21"]
[Round "2.6"]
[White "Hofene,D"]
[Black "Kuijf,R"]
[Result "0-1"]
[WhiteElo "2072"]
[BlackElo "2368"]

1.e4 e6 2.d4 d5 3.Nc3 Nf6 4.e5 Nfd7 5.f4 c5 6.Nf3 Nc6 7.Be3 Be7 8.Qd2 b6 9.Bb5
Bb7 10.O-O O-O 11.Nd1 cxd4 12.Nxd4 Nxd4 13.Bxd4 Nc5 14.Nf2 Qc8 15.c3 Ba6
16.Bxa6 Qxa6 17.b4 Nd7 18.a4 Qc4 19.Qd3 Qxd3 20.Nxd3 a5 21.Rfb1 Rfc8 22.Kf2 h5
23.Kf3 g6 24.Ra2 Rc4 25.Ke3 Kg7 26.Nb2 Rc6 27.Nd3 Rc7 28.bxa5 bxa5 29.Rb5 Nb8
30.Rab2 Nc6 31.Bc5 Rac8 32.Bxe7 Nxe7 33.Rb7 Nf5+ 34.Kd2 Rxc3 35.Ra7 R8c7
36.Rxa5 Ra3 37.Ra8 Rc4 38.a5 Rd4 39.Rbb8 Rdxd3+ 40.Ke1 Nh6 41.a6 Ra2 42.a7 Rc3
43.Kd1 Rc7 {#R} 0-1

[Event "Bodensee Open 2017"]
[Site "Bregenz AUT"]
[Date "2017.05.21"]
[Round "2.7"]
[White "Malakhatko,V"]
[Black "Medunova,V"]
[Result "1-0"]
[WhiteElo "2487"]
[BlackElo "2101"]

1.c4 Nf6 2.Nc3 c5 3.g3 g6 4.Bg2 Bg7 5.Rb1 Nc6 6.a3 O-O 7.b4 cxb4 8.axb4 d6
9.d3 Ng4 10.Bd2 Qb6 11.Nh3 Be6 12.O-O Nce5 13.Nf4 Nxf2 14.Rxf2 Ng4 15.c5 Nxf2
16.Kxf2 dxc5 17.Na4 Qc7 18.bxc5 Rab8 19.Nxe6 fxe6+ 20.Bf3 b5 21.cxb6 axb6
22.Kg2 b5 23.Rc1 Qd6 24.Nc5 Rbc8 25.Ne4 Qa3 26.Rb1 Bb2 27.Bh6 Rf5 28.Bg4 b4
29.Nd2 Bc3 30.Bxf5 gxf5 31.Qb3 Qa6 32.Nf3 Qc6 33.Bg5 Kf8 34.Be3 Ra8 35.Kf2 Ra3
36.Qc4 Qxc4 37.dxc4 e5 38.Bc5 Ra4 39.Nh4 b3 40.Rxb3 Rxc4 41.Ba3 f4 42.Nf5 Kf7
43.Kf3 Bd2 44.e4 fxe3 45.Nxe3 Ra4 46.Bb2 h5 47.Bxe5 Ke6 48.Bc3 Bxe3 49.Kxe3 h4
50.Kf3 hxg3 51.hxg3 Rc4 52.Bb2 Ra4 53.Re3+ Kf7 54.Ba3 e6 55.Bb2 Rc4 56.Be5 Ra4
57.Re4 Ra5 58.Kg4 Kg6 59.Bc7 Rg5+ 60.Kf3 Kf7 61.Be5 Ke7 62.g4 Rg8 63.Kf4 Rf8+
64.Kg5 Rc8 65.Kh6 Kf7 66.Rf4+ Ke7 67.g5 Rc5 68.Bf6+ Ke8 69.g6 {#r} 1-0

[Event "Bodensee Open 2017"]
[Site "Bregenz AUT"]
[Date "2017.05.21"]
[Round "2.12"]
[White "Wagner,Ma"]
[Black "Bezemer,A"]
[Result "0-1"]
[WhiteElo "2058"]
[BlackElo "2280"]

1.e4 c5 2.d4 cxd4 3.c3 Nf6 4.e5 Nd5 5.cxd4 d6 6.Nf3 e6 7.Nc3 Nxc3 8.bxc3 Qc7
9.Bd2 Nd7 10.exd6 Bxd6 11.Bd3 O-O 12.O-O b6 13.Re1 Bb7 14.h4 Bf4 15.Ng5 h6
16.Nh3 Bh2+ 17.Kh1 Nf6 18.Ng1 Bg3 19.fxg3 Qxg3 20.Qe2 Qxh4+ 21.Nh3 Qxh3+
22.Kg1 Qg4 23.Qf1 Be4 24.Ba6 Rad8 25.Re3 Rd5 26.Be2 Qg6 27.Bf3 Rf5 28.c4 Rd8
29.Bc3 Qg3 30.Qe2 Bxf3 31.Rxf3 Rxf3 32.Qxf3 Qxf3 33.gxf3 Rc8 {#R} 0-1

[Event "Serik Open 2017"]
[Site "Serik TUR"]
[Date "2017.05.17"]
[Round "2.1"]
[White "Alexanian,N"]
[Black "Bernadskiy,V"]
[Result "0-1"]
[WhiteElo "2128"]
[BlackElo "2529"]

1.d4 Nf6 2.c4 b6 3.Nc3 Bb7 4.Bg5 e6 5.Nf3 Bb4 6.e3 h6 7.Bh4 g5 8.Bg3 Ne4 9.Nd2
Nxc3 10.bxc3 Bxc3 11.Rc1 Bb4 12.Be5 f6 13.Qh5+ Kf8 14.Bg3 Kg7 15.c5 Be4 16.Qg4
Bg6 17.Bb5 h5 18.Qf3 c6 19.Ba4 bxc5 20.Rxc5 Bxc5 21.dxc5 Qa5 {#R} 0-1

[Event "Serik Open 2017"]
[Site "Serik TUR"]
[Date "2017.05.17"]
[Round "2.2"]
[White "Gleizerov,E"]
[Black "Uzunoglu,E"]
[Result "1-0"]
[WhiteElo "2526"]
[BlackElo "2070"]

1.d4 Nf6 2.c4 g6 3.Nc3 d5 4.cxd5 Nxd5 5.Bd2 Nb6 6.e3 Bg7 7.f4 c5 8.dxc5 N6d7
9.Na4 e5 10.Nf3 O-O 11.Bc4 exf4 12.O-O Qe7 13.exf4 Nxc5 14.Bb4 b6 15.Bd5 Bb7
16.Re1 Qc7 17.Bxb7 Qxb7 18.Nxc5 bxc5 19.Bxc5 Rc8 20.Ba3 Nc6 21.Qa4 a5 22.Rac1
Nb4 23.Rxc8+ Qxc8 24.Bxb4 axb4 25.Qxb4 Rxa2 26.Ne5 Bxe5 27.fxe5 Qc2 28.e6 fxe6
29.Qb8+ Kg7 30.Qe5+ Kh6 31.Qf4+ Kg7 32.Qd4+ Kh6 33.Qh4+ Kg7 34.Qe7+ Kh6
35.Qf8+ Kh5 36.Re5+ g5 37.Qf3+ {#r} 1-0

[Event "Serik Open 2017"]
[Site "Serik TUR"]
[Date "2017.05.17"]
[Round "2.3"]
[White "Eryigit,Yakup"]
[Black "Sivuk,V"]
[Result "0-1"]
[WhiteElo "2044"]
[BlackElo "2520"]

1.Nf3 Nf6 2.c4 b6 3.g3 Bb7 4.Bg2 g6 5.O-O Bg7 6.Nc3 O-O 7.d4 Ne4 8.Nxe4 Bxe4
9.Be3 d6 10.Qd2 c5 11.Bh6 Nd7 12.Bxg7 Kxg7 13.Ne1 Bxg2 14.Nxg2 Nf6 15.Rfe1 Qc7
16.Rac1 Qb7 17.d5 b5 18.e4 bxc4 19.Rxc4 Rfb8 20.b3 Nd7 21.f4 a5 22.Ne3 a4
23.bxa4 Qb2 24.Re2 Qxd2 25.Rxd2 Nb6 26.Rc3 Rxa4 27.e5 Rd4 28.Rcd3 Rb4 29.exd6
exd6 30.Rb3 Rxb3 31.axb3 Ra8 32.Kf2 h5 33.h3 Kf6 34.g4 Ra1 35.g5+ Ke7 36.f5
gxf5 37.Nxf5+ Kd7 38.Ne3 Rb1 39.Ra2 Nc8 40.Ra3 h4 41.Kf3 Rg1 42.Ng2 Rd1 43.Nf4
Rg1 44.Ng2 Kd8 45.Ra4 Rb1 46.Ra3 Nb6 47.Nxh4 Nxd5 48.Nf5 Kd7 49.h4 Rf1+ 50.Kg4
Rf4+ {#R} 0-1

[Event "Serik Open 2017"]
[Site "Serik TUR"]
[Date "2017.05.17"]
[Round "2.4"]
[White "Atalik,E"]
[Black "Abdullayev,A"]
[Result "1-0"]
[WhiteElo "2431"]
[BlackElo "2013"]

1.d4 Nf6 2.Nf3 g6 3.g3 Bg7 4.Bg2 d6 5.O-O O-O 6.b3 e5 7.dxe5 Ng4 8.Bb2 Nc6
9.Qc1 Ngxe5 10.Nxe5 Nxe5 11.c4 Bg4 12.Nc3 Rb8 13.Qd2 a6 14.Nd5 Re8 15.Rfe1 c6
16.Ne3 Be6 17.Rad1 Qc7 18.f4 Ng4 19.Nxg4 Bxb2 20.Nh6+ Kg7 21.f5 Bd7 22.Qxb2+
Kxh6 23.f6 g5 24.h4 Re5 25.Rd4 Rbe8 26.Qd2 Bc8 27.Rf1 Kg6 28.Be4+ Kh5 29.Bf5
Rg8 30.hxg5 Bxf5 31.Rh4+ {#r} 1-0

[Event "Serik Open 2017"]
[Site "Serik TUR"]
[Date "2017.05.17"]
[Round "3.2"]
[White "Strebkovs,A"]
[Black "Gleizerov,E"]
[Result "0-1"]
[WhiteElo "2334"]
[BlackElo "2526"]

1.e4 e6 2.d4 d5 3.exd5 exd5 4.Nf3 Nf6 5.Bd3 Be7 6.h3 O-O 7.O-O c5 8.dxc5 Bxc5
9.Nbd2 Nc6 10.Nb3 Bb6 11.c3 Qd6 12.Nbd4 Nxd4 13.Nxd4 Bc7 14.Nf3 Re8 15.Qc2 Bd7
16.Bg5 Ne4 17.Be3 Qg6 18.Kh1 Qh5 19.Ng1 Ng3+ 20.fxg3 Rxe3 21.Bf5 Bb5 22.Rf3
Rae8 23.Qf2 Rxf3 24.Qxf3 Qxf3 25.Nxf3 g6 26.Nd4 Bc4 27.Bg4 Bxg3 28.Bf3 Re5
29.b3 Bd3 30.Rd1 Be4 31.Be2 Re8 32.Nf3 a6 33.c4 dxc4 34.Bxc4 b5 35.Bf1 Rc8
36.a4 bxa4 37.bxa4 a5 38.Bb5 Rc2 39.Kg1 Kg7 40.Bf1 h6 41.Nd2 Bd5 42.Bd3 Ra2
43.Ne4 Be5 44.Bb1 Bb3 45.Rd3 Rb2 46.Nd2 Bxa4 47.Rd5 Bc3 {#R} 0-1

[Event "Serik Open 2017"]
[Site "Serik TUR"]
[Date "2017.05.18"]
[Round "4.2"]
[White "Kucuk,D"]
[Black "Sivuk,V"]
[Result "0-1"]
[WhiteElo "2082"]
[BlackElo "2520"]

1.b3 Nf6 2.Bb2 g6 3.Bxf6 exf6 4.c4 d5 5.cxd5 Qxd5 6.Nf3 Qa5 7.e3 f5 8.Qc2 Bg7
9.Nc3 O-O 10.Be2 f4 11.Rc1 fxe3 12.dxe3 Bf5 13.Qb2 c5 14.Nh4 Be6 15.O-O Nc6
16.a3 Rad8 17.Nf3 Bf5 18.Nd2 b5 19.b4 cxb4 20.axb4 Qxb4 21.Qxb4 Nxb4 22.Nb3
Nd3 23.Nxb5 Nxc1 24.Rxc1 Bb2 25.Re1 Bd3 26.g3 Bxb5 27.Bxb5 Rb8 28.Bc4 Rb4 {#R}
0-1

[Event "Serik Open 2017"]
[Site "Serik TUR"]
[Date "2017.05.18"]
[Round "4.3"]
[White "Eminov,O"]
[Black "Ersahin,B"]
[Result "1-0"]
[WhiteElo "2248"]
[BlackElo "2138"]

1.e4 c5 2.Nc3 Nc6 3.g3 g6 4.Bg2 Bg7 5.d3 d6 6.Be3 Rb8 7.Qd2 e6 8.Nge2 Nd4
9.O-O Ne7 10.Bh6 O-O 11.Bxg7 Kxg7 12.Nxd4 cxd4 13.Ne2 Nc6 14.c3 e5 15.cxd4
exd4 16.b4 a6 17.Rfc1 Kg8 18.a4 Qb6 19.Rab1 Bg4 20.f3 Be6 21.b5 axb5 22.axb5
Na5 23.Qb4 Rbc8 24.Qxd4 Rxc1+ 25.Rxc1 Qxb5 26.Qxd6 Qb2 27.Kf1 Nb3 28.Re1 Ra8
29.Nf4 Nd4 30.Nxe6 Nxe6 31.Re2 Ra1+ 32.Kf2 Qc1 33.g4 Nf4 34.Qd8+ Kg7 35.Qd4+
f6 36.Qd7+ Kh6 37.Qd6 Nxe2 38.Qf8+ Kg5 39.h4+ Kxh4 40.Qxf6+ Qg5 41.Qxa1 Ng3
42.Qe1 Qc5+ 43.Qe3 Qc2+ 44.Kg1 Qd1+ 45.Kh2 Qh1+ 46.Bxh1 Nf1+ 47.Kg1 Nxe3
48.Kf2 Nc2 49.e5 Nb4 50.e6 Nd5 51.f4 Ne7 52.Bf3 b5 53.d4 b4 54.d5 Nc8 55.Ke3
Nd6 56.Kd4 b3 57.Bd1 b2 58.Bc2 {#r} 1-0

[Event "Serik Open 2017"]
[Site "Serik TUR"]
[Date "2017.05.18"]
[Round "4.4"]
[White "Eryigit,Yakup"]
[Black "Bernadskiy,V"]
[Result "0-1"]
[WhiteElo "2044"]
[BlackElo "2529"]

1.d4 Nf6 2.Bg5 Ne4 3.Bf4 c5 4.f3 Qa5+ 5.c3 Nf6 6.d5 Qb6 7.Bc1 e6 8.e4 exd5
9.exd5 Bd6 10.c4 O-O 11.Bd3 Qc7 12.Nc3 a6 13.Nge2 Re8 14.Bg5 Be5 15.Qc2 h6
16.Bd2 b5 17.O-O-O bxc4 18.Bxc4 d6 19.g4 Nbd7 20.g5 hxg5 21.Bxg5 Nb6 22.Bd3 c4
23.Be4 Nxe4 24.fxe4 Nd7 25.Be3 Nc5 26.Bxc5 Qxc5 27.Qd2 Bg4 28.Rhg1 Bxe2
29.Nxe2 Rab8 30.Nc3 Qa5 31.Rg4 Rxb2 32.Qxb2 Bxc3 33.Qb7 Qxa2 34.Rdg1 Qd2+
35.Kb1 Bd4 {#R} 0-1

[Event "Serik Open 2017"]
[Site "Serik TUR"]
[Date "2017.05.18"]
[Round "4.6"]
[White "Alexanian,N"]
[Black "Abdullayev,A"]
[Result "0-1"]
[WhiteElo "2128"]
[BlackElo "2013"]

1.d4 Nf6 2.c4 g6 3.Nc3 Bg7 4.e4 d6 5.Bd3 e5 6.d5 a5 7.Bg5 Na6 8.a3 O-O 9.b4 h6
10.Bh4 c5 11.bxa5 Qxa5 12.Ne2 b5 13.cxb5 c4 14.Bc2 Nc7 15.Qd2 g5 16.Bg3 Nxb5
17.Nxb5 Qxb5 18.O-O Qc5 19.Nc3 Bd7 20.a4 Nh5 21.Qe3 Qa5 22.f3 Nxg3 23.hxg3
Rfb8 24.Rfb1 Bf6 25.Kh2 Bd8 26.Nb5 Bb6 27.Qe2 Bxb5 28.Rxb5 Qc3 29.Rc1 Be3
30.Rcb1 Ba7 31.R1b4 Rxb5 32.Rxc4 Qa1 33.axb5 Qg1+ 34.Kh3 h5 35.Qd1 Qf2 36.f4
exf4 37.Rc3 Be3 38.Rxe3 Qxe3 39.Qd3 Qe1 40.Kh2 Ra1 41.gxf4 Qh4+ 42.Qh3 Qxf4+
{#R} 0-1

[Event "Serik Open 2017"]
[Site "Serik TUR"]
[Date "2017.05.18"]
[Round "5.1"]
[White "Sivuk,V"]
[Black "Gleizerov,E"]
[Result "1-0"]
[WhiteElo "2520"]
[BlackElo "2526"]

1.d4 e6 2.c4 f5 3.Nc3 Nf6 4.Nf3 Bb4 5.Qb3 Qe7 6.a3 Bxc3+ 7.Qxc3 O-O 8.e3 b6
9.Be2 Bb7 10.O-O Ne4 11.Qc2 d6 12.b4 Rf6 13.d5 exd5 14.cxd5 Bxd5 15.Bb2 Rf8
16.Rad1 Bb7 17.Nd4 c5 18.bxc5 bxc5 19.Qb3+ d5 20.Ne6 c4 21.Qb4 Rf7 22.Qxe7
Rxe7 23.Nf4 c3 24.Ba1 Nd7 25.Nxd5 Bxd5 26.Rxd5 Rc8 27.Rc1 g6 28.f3 Nef6 29.Rd3
c2 30.Kf2 Re6 31.Rd2 Rec6 32.Bd3 Nc5 33.Bc4+ Kf8 34.Rdxc2 Nfd7 35.Ke2 Ke7
36.Bb5 R6c7 37.Bxd7 Nb3 38.Bxc8 Nxc1+ 39.Kd1 {#r} 1-0

[Event "Serik Open 2017"]
[Site "Serik TUR"]
[Date "2017.05.18"]
[Round "5.3"]
[White "Bernadskiy,V"]
[Black "Abdullayev,A"]
[Result "1-0"]
[WhiteElo "2529"]
[BlackElo "2013"]

1.e4 e5 2.Nc3 Nc6 3.Bc4 Bc5 4.d3 d6 5.a3 a6 6.Nd5 Be6 7.Nf3 h6 8.c3 Ba7 9.d4
exd4 10.cxd4 Bxd5 11.Bxd5 Nf6 12.Bxc6+ bxc6 13.O-O O-O 14.Qc2 Qd7 15.Bd2 Rae8
16.Rae1 Nxe4 17.Bxh6 d5 18.Be3 Qd6 19.Rc1 Re6 20.g3 Rf6 21.Ne1 Re8 22.Ng2 Qd7
23.Qa4 Qh3 24.Rxc6 Nxg3 25.hxg3 Ree6 {#r} 1-0

[Event "Serik Open 2017"]
[Site "Serik TUR"]
[Date "2017.05.18"]
[Round "5.4"]
[White "Novikova,M"]
[Black "Strebkovs,A"]
[Result "0-1"]
[WhiteElo "2025"]
[BlackElo "2334"]

1.e4 g6 2.d4 Bg7 3.Nf3 d6 4.h3 Nf6 5.Nc3 O-O 6.Be2 c6 7.Be3 Nbd7 8.Qd2 Qc7
9.Bh6 e5 10.Bxg7 Kxg7 11.O-O Re8 12.Rad1 Nf8 13.Rfe1 Ne6 14.Bf1 exd4 15.Nxd4
Nc5 16.Qf4 Nh5 17.Qd2 Qb6 18.Nb3 Be6 19.Nxc5 dxc5 20.Na4 Qb4 21.Qxb4 cxb4
22.Nc5 Bc8 23.Nd3 a5 24.g4 Nf6 25.Bg2 g5 26.Nc5 Re5 27.Nd3 Re7 28.Nc5 Nd7
29.Nb3 Nb6 30.Rd8 Rd7 31.Rd1 Rxd1+ 32.Rxd1 a4 33.Nc5 Ra5 34.Nd3 c5 35.Ne1 Be6
36.b3 axb3 37.axb3 Nd7 38.Nf3 Kf6 39.Bf1 Ne5 40.Ne1 b5 41.Rb1 Bd7 42.Be2 Ra2
43.Kh2 Ng6 44.Rd1 Ke7 45.Bd3 Nf4 46.Kg3 Nxd3 47.Rxd3 Be6 48.h4 gxh4+ 49.Kxh4
c4 50.Rd4 cxb3 51.cxb3 Bxb3 52.Rxb4 Bc4 53.Kg3 Kd6 54.Ng2 Kc5 55.Rb1 Bd3
56.Rc1+ Rc2 57.Re1 b4 58.Ne3 Ra2 59.f3 b3 60.Rc1+ Bc2 61.Kf4 Kd4 62.Nxc2+ bxc2
63.Kf5 Kd3 64.Rh1 Rb2 65.Rc1 Rb1 66.Rxc2 Kxc2 67.Kf6 Rf1 68.Kxf7 Rxf3+ 69.Kg7
Rg3 {#R} 0-1

[Event "Serik Open 2017"]
[Site "Serik TUR"]
[Date "2017.05.19"]
[Round "6.2"]
[White "Eminov,O"]
[Black "Bernadskiy,V"]
[Result "0-1"]
[WhiteElo "2248"]
[BlackElo "2529"]

1.e4 c5 2.Nc3 a6 3.g3 b5 4.Bg2 Bb7 5.f4 e6 6.d3 d5 7.e5 Nc6 8.Nf3 Nge7 9.Be3
Nf5 10.Bf2 h5 11.O-O Be7 12.Ne2 d4 13.c3 Qd7 14.Qd2 Rd8 15.Rad1 h4 16.b4 hxg3
17.hxg3 dxc3 18.Qxc3 Nxb4 19.g4 Nh6 20.Bxc5 Nd5 21.Qc1 Nxg4 22.Bd4 Nh6 23.Ng5
Nf5 24.Bf2 Rc8 25.Qd2 Bb4 26.Qb2 Nde3 27.Bxe3 Nxe3 28.Bxb7 Qxb7 29.Ne4 Bc5
30.Rc1 Nc4+ 31.Nxc5 Qh1+ {#R} 0-1

[Event "Serik Open 2017"]
[Site "Serik TUR"]
[Date "2017.05.19"]
[Round "6.6"]
[White "Abdullayev,A"]
[Black "Uzunoglu,E"]
[Result "1-0"]
[WhiteElo "2013"]
[BlackElo "2070"]

1.Nf3 Nf6 2.g3 g6 3.Bg2 Bg7 4.O-O d5 5.d3 O-O 6.Nbd2 c5 7.e4 Nc6 8.c3 e5 9.Qc2
Re8 10.Re1 b6 11.exd5 Nxd5 12.Nc4 Bb7 13.a4 Qd7 14.Ng5 Rad8 15.Ne4 Qc7 16.a5
f5 17.axb6 axb6 18.Ned2 Kh8 19.Qb3 Nf6 20.Nxb6 Rxd3 21.Qb5 e4 22.Nb3 Nd4
23.Qxc5 Qxc5 24.Nxc5 Nc2 25.Nxd3 Nxa1 26.Nc5 Bc6 27.Bf4 Bf8 28.Na6 Nb3 29.Rd1
Nc5 30.Nb4 Bb5 31.Bf1 Bxf1 32.Kxf1 Ng4 33.h3 Nh2+ 34.Ke2 Nf3 35.Nc6 g5 36.Be3
Ne6 37.Nd5 Bg7 38.Nce7 f4 39.gxf4 gxf4 40.Nxf4 Neg5 41.Nf5 Be5 42.h4 Bxf4
43.Bxf4 Ne6 44.Bg3 Rf8 45.Nd6 Nc5 46.b4 Na4 47.Rc1 Nb2 48.Nxe4 Nc4 49.Rd1 {#r}
1-0

[Event "Serik Open 2017"]
[Site "Serik TUR"]
[Date "2017.05.20"]
[Round "7.1"]
[White "Bernadskiy,V"]
[Black "Sivuk,V"]
[Result "1-0"]
[WhiteElo "2529"]
[BlackElo "2520"]

1.d4 Nf6 2.Nf3 e6 3.e3 b6 4.Bd3 Bb7 5.Nbd2 d5 6.Ne5 Bd6 7.f4 O-O 8.Qf3 c5 9.c3
Nc6 10.g4 Ne7 11.Rg1 Ng6 12.g5 Bxe5 13.fxe5 Ne4 14.Nxe4 dxe4 15.Bxe4 Bxe4
16.Qxe4 b5 17.Bd2 Rc8 18.Ke2 Qb6 19.a3 a5 20.b4 cxb4 21.cxb4 a4 22.Rac1 Rc4
23.Rxc4 bxc4 24.Bc3 Ne7 25.h4 Nd5 26.Kd2 Qb5 27.h5 Qd7 28.h6 g6 29.Qf3 Rd8
30.Kc2 Kf8 31.Rf1 Ke8 32.Qf2 Qe7 33.e4 Nc7 34.Qe3 Nb5 35.Kb2 Qa7 36.Rd1 Rd7
37.Qf2 Qb7 38.Qf3 Qa8 39.d5 Qd8 40.Qf6 Qxf6 41.exf6 Rd8 42.Be5 exd5 43.exd5
Kd7 44.d6 Kc6 45.Rc1 Kd5 46.Bg3 Rd7 47.Rd1+ Kc6 48.Re1 Rd8 49.Re5 Nxd6 50.Rc5+
Kb6 51.Bxd6 Rxd6 52.Rxc4 Rd2+ 53.Rc2 Rd3 54.Rc8 Rb3+ 55.Ka2 Rg3 56.Rf8 Rg2+
57.Kb1 Rxg5 58.Rxf7 Rg1+ 59.Kc2 Rg2+ 60.Kd1 Rf2 61.Ke1 Rf5 62.Rxh7 Rxf6 63.Rg7
Re6+ 64.Kf2 Rf6+ 65.Kg2 Rf8 66.Rxg6+ Kb5 67.h7 Rh8 68.Rh6 Kc4 69.Rh3 {#r} 1-0

[Event "Serik Open 2017"]
[Site "Serik TUR"]
[Date "2017.05.20"]
[Round "7.2"]
[White "Strebkovs,A"]
[Black "Atalik,E"]
[Result "0-1"]
[WhiteElo "2334"]
[BlackElo "2431"]

1.d4 d5 2.Nf3 Nf6 3.c4 e6 4.g3 Be7 5.Bg2 O-O 6.O-O dxc4 7.Qc2 b5 8.a4 b4
9.Nbd2 Bb7 10.Nxc4 Be4 11.Qd1 Nbd7 12.Bf4 c5 13.Rc1 Bd5 14.Ne3 Rc8 15.Nxd5
Nxd5 16.Bd2 cxd4 17.Nxd4 Qb6 18.Nb3 Qa6 19.Nd4 Rxc1 20.Bxc1 Bf6 21.Bxd5 exd5
22.Be3 Nc5 23.a5 Ne6 24.Nc2 Qxa5 25.b3 Bc3 26.Bd2 Qc5 27.Bxc3 Qxc3 28.Ne3 Rd8
29.Qa1 d4 30.Nf5 Qc5 31.Nh4 a5 32.Rc1 Qd5 33.Ng2 h5 34.Qa2 g6 35.Ne1 h4 36.Nd3
hxg3 37.fxg3 Kg7 38.Ra1 Qe4 39.Nf2 Qe3 40.Qxa5 Qxe2 41.Qxb4 Ng5 42.Qa5 Nf3+
43.Kg2 Re8 44.Ra2 Ne1+ 45.Kg1 Qf3 46.Nh3 Nd3 47.Ra1 Re2 48.Qa8 Re1+ 49.Rxe1
Qxa8 {#R} 0-1

[Event "Serik Open 2017"]
[Site "Serik TUR"]
[Date "2017.05.20"]
[Round "7.6"]
[White "Kucuk,D"]
[Black "Novikova,M"]
[Result "0-1"]
[WhiteElo "2082"]
[BlackElo "2025"]

1.e4 g6 2.d4 Bg7 3.Nc3 d6 4.h3 Nd7 5.Nf3 h6 6.Be2 e6 7.O-O a6 8.a4 b6 9.Re1
Ne7 10.Bf4 g5 11.Be3 Ng6 12.Bc4 Bb7 13.Qe2 O-O 14.Rad1 Qe7 15.Bc1 Kh8 16.g3 c6
17.Bd3 e5 18.Bc4 b5 19.Bb3 b4 20.Na2 a5 21.Nxg5 exd4 22.Qh5 Nge5 23.Nf3 Nf6
24.Qf5 Bc8 25.Qf4 Nh5 {#R} 0-1

[Event "Serik Open 2017"]
[Site "Serik TUR"]
[Date "2017.05.20"]
[Round "8.4"]
[White "Abdullayev,A"]
[Black "Eminov,O"]
[Result "0-1"]
[WhiteElo "2013"]
[BlackElo "2248"]

1.d4 g6 2.e4 Bg7 3.Nc3 d6 4.Be3 Nd7 5.Qd2 a6 6.h4 h6 7.O-O-O b5 8.h5 g5 9.f4
gxf4 10.Bxf4 Bb7 11.e5 c5 12.exd6 cxd4 13.dxe7 Qa5 14.Ne4 Qxd2+ 15.Nxd2 Nxe7
16.Nb3 O-O 17.Nxd4 Nd5 18.Bd6 Ne3 19.Bxf8 Rxf8 20.c3 Nxd1 21.Kxd1 b4 22.Nge2
bxc3 23.bxc3 Nc5 24.Rh3 Rd8 25.Re3 Ne4 26.Kc2 Nd6 27.g3 Be4+ 28.Kc1 Rb8 29.Nc2
Bh7 30.Bh3 Bf6 31.Nf4 Nc4 32.Rf3 Rb2 33.Nd4 Rb1# 0-1

[Event "Serik Open 2017"]
[Site "Serik TUR"]
[Date "2017.05.20"]
[Round "8.5"]
[White "Novikova,M"]
[Black "Uzunoglu,E"]
[Result "0-1"]
[WhiteElo "2025"]
[BlackElo "2070"]

1.d4 Nf6 2.Nf3 g6 3.g3 Bg7 4.Bg2 d5 5.O-O O-O 6.c4 dxc4 7.Na3 c3 8.bxc3 c5
9.Ne5 Nd5 10.Bb2 Nc6 11.Nac4 Be6 12.Nxc6 bxc6 13.Ne5 Qc7 14.Nd3 Rab8 15.Qd2
Nb6 16.Qc2 Nc4 17.Bc1 cxd4 18.Bf4 Nd6 19.cxd4 Bxd4 20.Rac1 Qa5 21.e3 Bg7
22.Qxc6 Rfc8 23.Qf3 Bc4 24.Bxd6 exd6 25.e4 Qxa2 26.Rfd1 a5 27.Qg4 Be6 28.Rxc8+
Rxc8 29.Qf4 Qb3 30.Bf3 Qb6 31.e5 dxe5 32.Nxe5 Rc2 33.Ng4 h5 34.Ne3 Rb2 35.Bg2
Rb1 36.Qa4 Rxd1+ 37.Qxd1 Bd4 38.Nd5 Bxf2+ 39.Kh1 Qd4 40.Qxd4 Bxd4 41.Nf4 Bc4
42.Bc6 Bb3 43.Ne2 Bb2 44.Nf4 a4 {#R} 0-1

[Event "Serik Open 2017"]
[Site "Serik TUR"]
[Date "2017.05.20"]
[Round "8.9"]
[White "Eryigit,Yakup"]
[Black "Kucuk,D"]
[Result "1-0"]
[WhiteElo "2044"]
[BlackElo "2082"]

1.Nf3 Nf6 2.c4 d6 3.g3 g6 4.Bg2 Bg7 5.O-O O-O 6.Nc3 c6 7.Rb1 d5 8.cxd5 Nxd5
9.e4 Nb6 10.d3 e5 11.Be3 Na6 12.b4 Bg4 13.b5 cxb5 14.Nxb5 Nc8 15.Qb3 b6 16.Qa3
Nc7 17.Nxc7 Qxc7 18.Rfc1 Qd7 19.Qc3 Qe6 20.Ng5 Qe7 21.h3 Bd7 22.Nf3 Nd6 23.Qa3
Rfc8 24.Nd2 Bf8 25.Rxc8 Nxc8 26.Qxe7 Bxe7 27.f4 f6 28.fxe5 fxe5 29.Nc4 Bf6
30.Rc1 Kf7 31.d4 exd4 32.e5 Rb8 33.Bf4 Bg5 34.Bxg5 Be6 35.Nd6+ Nxd6 36.exd6
Ke8 37.Bc6+ Kf7 38.d7 {#r} 1-0